000 00367nam a2200145Ia 4500
008 230711s9999||||xx |||||||||||||| ||und||
041 _aENG
082 _a621
_bAT-P
100 _aAthalye,A.S
245 0 _aPlastic in packaging
250 _a1st Ed.
260 _c1992
_aNew Delhi
_bTata McGraw Hill Education Limited
650 _aMechanical Engineering
942 _cBK
999 _c2556
_d2556